Mathematical Methods for the Physical Sciences

Bibliographic Details
Main Author: Riley, K. F
Format: Section = Libro
Language:Undetermined
Spanish
Published: London Cambridge University Press 1978
Subjects:
LEADER 00566nam a2200205Ia 4500
008 240830s9999 xx 000 0 und d
020 |a 0-521-09839-4 
040 |a CEDOC FIQ-RUSB / 511 R573 
041 |a spa 
082 |a 511 R573 
100 1 |a Riley, K. F 
245 1 0 |a Mathematical Methods for the Physical Sciences 
260 |a London  |b Cambridge University Press  |c 1978 
300 |a 533 p.: il. 
650 7 |a ANÁLISIS NÚMERICO 
650 7 |b  CÁLCULO PRELIMINAR 
650 7 |c  ECUACIÓN DIFERENCIAL ORDINARIA 
942 |c BK  |2 ddc 
991 |a TEXTO 
999 |c 13110